LEADER 05391nam 2200685Ia 450 001 9910457075003321 005 20200520144314.0 010 $a1-281-02250-0 010 $a9786611022501 010 $a0-08-052201-7 035 $a(CKB)1000000000349839 035 $a(EBL)298371 035 $a(OCoLC)316822443 035 $a(SSID)ssj0000073695 035 $a(PQKBManifestationID)11171365 035 $a(PQKBTitleCode)TC0000073695 035 $a(PQKBWorkID)10117607 035 $a(PQKB)10944103 035 $a(MiAaPQ)EBC298371 035 $a(CaSebORM)9780750679855 035 $a(Au-PeEL)EBL298371 035 $a(CaPaEBR)ebr10175624 035 $a(CaONFJC)MIL102250 035 $a(EXLCZ)991000000000349839 100 $a20070816d2007 uy 0 101 0 $aeng 135 $aur|n|---||||| 181 $ctxt 182 $cc 183 $acr 200 14$aThe art of war for security managers$b[electronic resource] $e10 steps to enhancing organizational effectiveness /$fScott A. Watson 205 $a1st edition 210 $aAmsterdam ;$aBoston $cSyngress/Elsevier$dc2007 215 $a1 online resource (199 p.) 300 $aDescription based upon print version of record. 311 $a0-7506-7985-9 320 $aIncludes bibliographical references and index. 327 $aFront cover; The Art of War for Security Managers; Copyright page; Table of contents; Preface; Acknowledgments; Chapter 1: Introduction to The Art of War; Executive Summary; Today's Threat Environment; Who Was Sun Tzu?; Applications of The Art of War; The Art of War for Security Managers; Discussion Questions; Chapter 2: Be a Leader!; Executive Summary; Who Would You Follow into Battle?; Fundamental Questions; Who Should Lead and Why?; The Leader's Role and Characteristics; Failures of Leadership; Leadership; Discussion Questions; Chapter 3: Accept the Inevitability of Conflict 327 $aExecutive SummaryConflict Is Inevitable; World-View and Conflict; Business World Conflicts; The Security Manager and Conflict; Chapter 3 Scenario; Discussion Questions; Chapter 4: Know Yourself and Know Your Enemy; Executive Summary; Who Is the Enemy?; Discussion Questions; Chapter 5: Conduct Strategic Assessments; Executive Summary; Strategy and Tactics; Sun Tzu's View of Strategic Assessments; Sun Tzu's Strategic Assessments for the Security Manager; Conducting a Strategic Assessment; Chapter 5 Scenario; Discussion Questions; Chapter 6: Remember What Is Really Important; Executive Summary 327 $aThe SchoolyardThe Battlefield; Lessons Learned; The Business World; What Really Matters?; The Department; The Security Manager; Victory Is Important, Not Persistence; Chapter 6 Scenario; Discussion Questions; Chapter 7: Engage the Enemy; Executive Summary; Preparations; The Context of Battle; Types of Militarists; Fundamental Concepts of Battle; The Battle Equation; Basic Battle Strategies; Choosing a Basic Battle Strategy; Chapter 7 Scenario; Discussion Questions; Chapter 8: Maneuver Your Army; Executive Summary; Terrain and Position; Rules for Maneuvering Armies; Movement 327 $aChapter 8 ScenarioDiscussion Questions; Chapter 9: Adapt to the Battlefield; Executive Summary; Dynamics of the Conventional and Unconventional; Adaptation and the Security Manager; Conventional Security Management Knowledge; Unconventional Knowledge; Chapter 9 Scenario 1; Chapter 9 Scenario 2; Discussion Questions; Chapter 10: Avoid Predictability; Executive Summary; Predictability: The Ultimate Strategic Advantage or Detriment; The Balance; Avoiding Predictability; Chapter 10 Scenario 1; Chapter 10 Scenario 2; Discussion Questions; Chapter 11: Collect Intelligence; Executive Summary 327 $aThe Importance of IntelligenceThe Intelligence Cycle; Evaluating Your Intelligence Capability; Intelligence: A Key Concept; Chapter 11 Scenario; Discussion Questions; Chapter 12: The Art of War and Homeland Security; Executive Summary; "Objectivity" and the War on Terror; September 11, 2001-A Watershed Event; The Wrong Question; The Right Questions; The Private Sector; The Big Question; Definitional Problems; Sun Tzu and the War on Terrorism; A Continual War on Terrorism; Conclusions; Appendix: The Armory; Annotated Bibliography; Index 330 $aThe classic book The Art of War (or as it is sometimes translated, The Art of Strategy) by Sun Tzu is often used to illustrate principles that can apply to the management of business environments. The Art of War for Security Managers is the first book to apply the time-honored principles of Sun Tzu's theories of conflict to contemporary organizational security.Corporate leaders have a responsibility to make rational choices that maximize return on investment. The author posits that while conflict is inevitable, it need not be costly. The result is an efficient fram 606 $aConflict management 606 $aRisk management 606 $aCrisis management 608 $aElectronic books. 615 0$aConflict management. 615 0$aRisk management. 615 0$aCrisis management. 676 $a658.4/7 676 $a658.47 700 $aWatson$b Scott A$0915093 801 0$bMiAaPQ 801 1$bMiAaPQ 801 2$bMiAaPQ 906 $aBOOK 912 $a9910457075003321 996 $aThe art of war for security managers$92050854 997 $aUNINA LEADER 02940oas 2200949 a 450 001 9910138151603321 005 20260127110444.0 011 $a1827-7888 035 $a(DE-599)ZDB2216253-7 035 $a(OCoLC)613122089 035 $a(CONSER) 2012235035 035 $a(CKB)110978976774381 035 $a(DE-599)2216253-7 035 $a(EXLCZ)99110978976774381 100 $a20100508a19209999 uy 101 0 $aita 135 $aurbn||||||abp 135 $aurbn||||||ada 181 $ctxt$2rdacontent 182 $cc$2rdamedia 183 $acr$2rdacarrier 200 00$aAegyptus 210 $aMilano $cScuola di papirologia dell'Universita? cattolica del Sacro Cuore$d1920- 300 $a"Rivista italiana di egittologia e di papirologia." 300 $aEditors: Jan. 1920- Aristide Calderini and others. 311 08$a0001-9046 320 $aIncludes sections "Recensioni e bibliografia" and "Bibliografia metodica degli studi di egittologia e di papirologia." 531 0 $aAegyptus 606 $aManuscripts (Papyri)$vPeriodicals 606 $aEgyptology$vPeriodicals 606 $aE?gyptologie$vPe?riodiques 606 $aEgyptology$2fast$3(OCoLC)fst00904000 606 $aManuscripts (Papyri)$2fast$3(OCoLC)fst01008260 606 $aPapyrologie$2gtt 606 $aEgyptologie$2gtt 606 $aOudheid$2gtt 606 $aManuscripts (Papyri)$vPeriodicals$2nli 606 $aEgyptology$vPeriodicals$2nli 607 $aEgypt$xHistory$yGreco-Roman period, 332 B.C.-640 A.D 607 $aE?gypte$xHistoire$y332 av. J.-C.-640 (Pe?riode gre?co-romaine) 607 $aEgypt$2fast$1https://id.oclc.org/worldcat/entity/E39QbtfRDwpX7XgppvP7ww3J9c 607 $aEgypt$xHistory$yGreco Roman period, 332 B.C.-640 A.D$2nli 608 $aperiodicals.$2aat 608 $aHistory.$2fast 608 $aPeriodicals.$2fast 608 $aPeriodicals.$2lcgft 608 $aPe?riodiques.$2rvmgf 615 0$aManuscripts (Papyri) 615 0$aEgyptology 615 6$aE?gyptologie 615 7$aEgyptology. 615 7$aManuscripts (Papyri) 615 17$aPapyrologie. 615 17$aEgyptologie. 615 17$aOudheid. 615 7$aManuscripts (Papyri) 615 7$aEgyptology 702 $aCalderini$b Aristide$f1883-1968, 712 02$aR. Accademia scientifico-letteraria (Milan, Italy).$bScuola papirologica. 712 02$aUniversita? cattolica del Sacro Cuore.$bScuola di papirologia. 801 0$bOCLCE 801 1$bOCLCE 801 2$bEYM 801 2$bHLS 801 2$bOCLCF 801 2$bOCL 801 2$bOCLCQ 801 2$bOCLCO 801 2$bVT2 801 2$bSFB 801 2$bOCLCA 801 2$bOCLCO 801 2$bOCLCQ 801 2$bOCLCL 801 2$bUAB 801 2$bCRL 801 2$bCNTRU 801 2$bOCLCQ 906 $aJOURNAL 912 $a9910138151603321 996 $aAegyptus$9802440 997 $aUNINA